The Vampire Diaries - who said it - season 1-8 - Statistics

General Stats
  • This quiz has been taken 4,148 times
  • The average score is 15 of 40
Answer Stats
Hint Answer % Correct
Yoohoo, anybody home? Big bad vampire out here Damon Salvatore
95%
He is your first love, I intend to be your last. However long it takes Niklaus Mikaelson
95%
Promise me this is forever Elena Gilbert
86%
Damon, towel, knock Caroline Forbes
82%
I'm that thing that everybody wants. I'm the freaking moonstone Katherine Pierce
80%
(are you drunk?) I don't know mom am I ? Stefan Salvatore
71%
I am a hunter. Plus, I work out. Jeremy Gilbert
66%
Your compassion is a gift Elena Elijah Mikaelson
65%
Go right ahead, laugh at the girl who loved too easily Rebekah Mikaelson
59%
I'm a sociopath, I know shocker Malachai Parker
54%
Because when people see good, they expect you too be good, and I don't want to live up to anyone's expectations Damon Salvatore
52%
Sometimes it pays to be the only normal one in a town of vampires. I'm practically invisible. Matt Donovan
51%
Maybe if you and I met first Elena Gilbert
49%
It's not bourbon, it's tea Bonnie Bennett
46%
At least I fooled one of you Katherine Pierce
45%
I will always choose you Damon Salvatore
44%
I saw it from a mile away and my brain is made of cotton Mrs Cuddle, Damon
44%
I should've turned my back on you ages ago Caroline Forbes
40%
Hello my shadow self Silas
39%
Oh boy this is bad, I'm marrying an idiot Josette Laughlin
37%
You've heard of me, fantastic Niklaus Mikaelson
37%
The Salvatores may fight like dogs but in the end they would die for each other Rebekah Mikaelson
36%
You slept with the guy who killed my mom. What's a fair amount of time for me to get past that? Tyler Lockwood
34%
You're right I'm a liar, I'm the black sheep, the defective twin that nobody wanted Malachai Parker
33%
That's for me to know and for you to, dot dot dot Katherine Pierce / Damon Salvatore
32%
I'm a special vampire Elijah Mikaelson
31%
But in the end I think I needed him more than I needed her Stefan Salvatore
28%
You are not even worth the calories I burn talking to you Caroline Forbes
24%
You can't spell damon without "damn" Sybil
14%
Water was just oozing out of my eyeballs like I'm some alien creature excreting fluids Malachai Parker
13%
Is it? Or maybe real love is stronger than fake loyalty. Tyler Lockwood
10%
I would die 100 times over just to have you standing here alive, in front of me Bonnie Bennett
8%
I'm not Bonnie.. You don't want to mess with me Sheila Bennett
8%
The bond effects how you act, not how you feel Tyler Lockwood
8%
Even I can't remember why, I still feel empty, alone. Making me forget won't fix it. Jeremy Gilbert
6%
Never let go of a good vendetta, and this one is just getting started Enzo St John
5%
So what I'm a prisoner here? Do I look like Rapunzel? Liv Parker
5%
You see, that's the thing about threats. If there's no follow-through, no one takes you seriously Enzo St John
3%
I was almost really worried about you for a second. Then I got over it. Sybil
3%
The mere thought of your face makes me wanna vomit Silas
2%
No matching quizzes found
Score Distribution
Percent of People with Each Score
Percentile by Number Answered
Your Score History
You have not taken this quiz